00485nam a22001577a 450000500170000000800410001702000150005804100120007308200140008510000280009924500870012725000180021426000410023230000290027365000250030220231106092517.0231106b |||||||| |||| 00| 0 eng d a0958434794 aEnglish a346.5 MEY aMeyerowitz, DlEnglish  aThe Law and Practice of Administration of Estates and Estate Duty /cD Meyerowitz  a2004 Edition  aCape Town : bThe Taxpayer CC,c2004 bxxx, 178 pages ;c25 cm. aLegal practice bLaw